| 000 | 00825cam a22002412 4500 | ||
|---|---|---|---|
| 001 | 0000008590 | ||
| 005 | 20151217145842.0 | ||
| 008 | 080429s xx 000 0 eng d | ||
| 020 |
_a8122401899 : _cKES 870 |
||
| 040 |
_aKABU _cKABU |
||
| 100 | 1 |
_aSrivastava, U. K. _@0000154755 |
|
| 245 | 1 | 0 |
_aQuantitative techniques for managerial decisions : _bconcepts, illustrations and problems / _cU. K. Srivastava, G. V. Shenoy, S. C. Sharma. |
| 250 | _a2nd ed. | ||
| 260 |
_aNew Delhi : _bNew Age, _c1989. |
||
| 300 | _axv, 941 p. | ||
| 650 | 0 |
_aDecision making _xmathematical models. _@0000150559 |
|
| 650 | 0 |
_aStatistical decision. _@0000159225 |
|
| 700 | 1 |
_aShenoy, G. V. _@0000154754 |
|
| 700 | 1 |
_aSharma, S. C. _@0000154756 |
|
| 908 | _a080429 | ||
| 950 | _@1 | ||
| 999 |
_c3304 _d3304 |
||